| 000 | 00468nam a2200133Ia 4500 | ||
|---|---|---|---|
| 008 | 211109s9999||||xx |||||||||||||| ||und|| | ||
| 082 |
_a579.42 _bSRN-A |
||
| 100 | _aSrnivasa Rao H, | ||
| 245 | 0 | _aAnatomical And Taxonomical Studies Of Some Indian Fresh Water Amd Amphi | |
| 260 |
_bNATIONAL BOOKSTALL _aKottayam _c1927 |
||
| 630 | _xGeneral Stack | ||
| 650 |
_aNatural science & mathematics _vLife science; BiologyMicroorganisms, Fungi & algae _xGeneralia |
||
| 942 | _cBOOK | ||
| 999 |
_c8763 _d8763 |
||